Normal view
MARC view
Entry Topical Term
001 - CONTROL NUMBER
- control field: 159859
003 - CONTROL NUMBER IDENTIFIER
- control field: OSt
005 - DATE AND TIME OF LATEST TRANSACTION
- control field: 20220923211222.0
008 - FIXED-LENGTH DATA ELEMENTS
- fixed length control field: 220923|| aca||aabn | a|a d
040 ## - CATALOGING SOURCE
- Original cataloging agency: OSt
- Transcribing agency: OSt
150 ## - HEADING--TOPICAL TERM
- Topical term or geographic name entry element: ਪੰਜਾਬੀ ਭਾFਾ
670 ## - SOURCE DATA FOUND
- Source citation: Work cat.: (OSt)297137: ਅਮਰਜੀਤ ਕੌਰ, ਥਦ. 159858, ਪੰਜਾਬੀ ਭਾFਾ ਵਿਕਾਸ ਦੇ ਨਵੇ੍ਵ ਪਸਾਰ, 2011
